Регионална библиотека "Любен Каравелов" - Русе

Основи на търговското право (Запис номер 7715)

MARC детайли
000 -Лидер
Контролно поле с фиксирана дължина 01244nam a2200325 c 4500
003 - Код на организацията, давaща контролен номер
Контролно поле BLK
005 - Дата и час на последна редакция
Контролно поле 20180420214240.0
008 - Елементи от данни с фиксирана дължина
fixed length control field 180412b bul|||||r ||||||| ||bul||
010 ## - Наследен системен номер
LC control number KNG00009038000
020 ## - Международен стандартен номер на книга ISBN
Международен стандартен номер на книга ISBN 954-8706-38-5
-- издат.: Тилиа
040 ## - Източник на каталожния запис
Идентификатор на билиотеката - собственик на записа BLK
041 ## - Код за език
Код за езика на текст/звукозапис или на отделно заглавие Български
Код за езика КДБФ Български
080 ## - УДК
Текстов определител УДК Търговско право
УДК код - определител по УДК 347.7
УДК определител (075.3)
УДК - код + определител 347.7(075.3)
100 1# - Редна дума - Автор
Автор Герджиков, Огнян Стефанов
Авторска отговорност първи автор
R(LIN) 246323
139 ## - Редно поле
Редна дума Герджиков, Огнян Стефанов
Авторски знак Гер - Г 38
245 10 - Сведения за заглавието
Заглавие Основи на търговското право
Подзаглавни данни Фирмено право : Учебник за средните у-ща
Редно поле (дума) Огнян Стефанов Герджиков.
257 ## - Страна на издаване
Страна на създаване/издаване България
260 ## - Област на издателските данни
-- София
Име на издателя, разпространителя и проч. Тилиа
Година на издаване 1995
300 ## - Физическа характеристика
Страници 176 с.
Размери/Мащаб 24 см
380 ## - Жанр
Жанр Обществени науки
500 ## - Общи забележки
Забележка Кратък терминол. юрид. речник
650 #4 - Допълнително описание по предмет – тема
Основно описание – тема или топоним Търговско право - учебници за средни училища
9 (RLIN) 252832
653 ## - Ключова дума – ненормативна
Ключова дума основи
653 ## - Ключова дума – ненормативна
Ключова дума право
852 ## - Местоположение
Форматна сигнатура Цб 184242
856 4# - Електронен адрес и достъп
Електронен формат pdf - файл
Път до файла /url/
856 4# - Електронен адрес и достъп
Електронен формат pdf - файл
Път до файла /url/
942 ## - АРТИКУЛИ
Вид на библиотечния материал Книги
Скрит в OPAC Не
944 ## - СЪЗДАВАНЕ И РЕДАКЦИЯ на ЗАПИСА
Създаване/Редакция Създаване
Дата на регистрацията/редакция 15.01.2003
Служител, извършил регистрацията/редакцията Кети_Илиева
944 ## - СЪЗДАВАНЕ И РЕДАКЦИЯ на ЗАПИСА
Създаване/Редакция Редакция
Дата на регистрацията/редакция 11.08.2015
Служител, извършил регистрацията/редакцията Геновева_Генчева
999 ## - СИСТЕМНИ КОНТРОЛНИ НОМЕРА
Koha biblionumber 7715
Koha biblioitemnumber 7715
Наличности
Код за отписване Код за изгубен артикул Източник на класификационната схема Код за повреда Коз за рестрикции Код за отдаване Артикулен № Име на библиотеката - собственик Име на библиотеката, в която се намира в момента Статус (Текущо местоположение) Дата на вписване в системата Местоположение - отдел Цена в лева Инвентарен номер Систематично азбучна сигнатура Баркод Номер на екземпляра Цена в евро Служебна бележка Служебен тип на артикула
  Не е изгубен Universal Decimal Classification Не е повреден без рестрикции ползва се в читалня 13320 Регионална библиотека "Любен Каравелов" Русе Регионална библиотека "Любен Каравелов" Русе Хранилище 2001-01-01 Хранилище 0.00 616789 Цб 184242 120000616789 1 0.00 Дост: Dp Вид: Д N: 40 Дата: 01.01.1995 Дата инв: 21.08.2014 Бележки инв: Цб2014 Книги
  Не е изгубен Universal Decimal Classification Не е повреден без рестрикции ползва се в читалня 13321 Регионална библиотека "Любен Каравелов" Русе Регионална библиотека "Любен Каравелов" Русе Читалня 2001-01-01 Читалня 1.50 627508 Ч 347/Г 38 120000627508 2 0.77 Дата инв: 14.03.2017 Бележки инв: Ч2017 Книги
Изтеглен Не е изгубен Universal Decimal Classification Не е повреден без рестрикции заемане за дома 13322 Регионална библиотека "Любен Каравелов" Русе Регионална библиотека "Любен Каравелов" Русе Заемна - подръчен фонд 2001-01-01 Заемна - подръчен фонд 2.25 627510 П 347/Г 38 627510 3 1.15 Дата инв: 07.02.2018 Бележки инв: П2018 Книги
Vip Innovations Ltd, Rousse, Bulgaria 2025